| 000 | 01211nam0a22002531 4500 | ||
|---|---|---|---|
| 001 | rc\3798297 | ||
| 005 | 20260407192616.0 | ||
| 035 | _a(NLR Aleph) 007245465 | ||
| 090 |
_a7769697 _c7769697 |
||
| 100 | _a20120311d1975 |||y0rusy50 ca | ||
| 101 | 0 | _arus | |
| 102 | _aRU | ||
| 105 | _ay z ||||| | ||
| 200 | 1 |
_aМатериалы к отчету РК ВЛКСМ IV конференции Перовской районной организации ВЛКСМ г. Москвы _eДелегату конф. |
|
| 210 |
_aМосква _cБ. и. _d1975 |
||
| 215 |
_a39 с. _d20 |
||
| 333 | _aДСП. Экз. № 5 | ||
| 532 | 1 | 2 | _aМатериалы к отчету Районного Комитета Всесоюзного Ленинского Коммунистического Союза Молодежи IV конференции Перовской районной организации ВЛКСМ г. Москвы |
| 710 | 0 | 2 |
_aВЛКСМ _bМосковская городская организация _bПеровский районный комитет _9749616 _3RU\NLR\AUTH\8810126117 |
| 801 | 0 |
_aRU _bNLR _gpsbo |
|
| 801 | 1 |
_aRU _bELAR _2rusmarc |
|
| 852 |
_aNLR _j75-50К/6802 |
||
| 942 | _cBOOK | ||
| 980 | _aNB | ||